<?xml version="1.0" encoding="UTF-8"?>
<collection xmlns="http://www.loc.gov/MARC21/slim">
 <record>
  <leader>02600aam a22003138a 4500</leader>
  <controlfield tag="001">NCT_14857</controlfield>
  <controlfield tag="008">110414s2011                  ||||||viesd</controlfield>
  <datafield tag="999" ind1=" " ind2=" ">
   <subfield code="c">711</subfield>
   <subfield code="d">711</subfield>
  </datafield>
  <datafield tag="020" ind1=" " ind2=" ">
   <subfield code="c">33000</subfield>
  </datafield>
  <datafield tag="082" ind1="0" ind2="4">
   <subfield code="2">23rd ed.</subfield>
   <subfield code="a">512.52</subfield>
   <subfield code="b">H507</subfield>
  </datafield>
  <datafield tag="100" ind1="1" ind2=" ">
   <subfield code="a">Trần Trọng Huệ</subfield>
  </datafield>
  <datafield tag="245" ind1="1" ind2="0">
   <subfield code="a">Đại số tuyến tính và hình học giải tích</subfield>
   <subfield code="c">Trần Trọng Huệ</subfield>
  </datafield>
  <datafield tag="250" ind1=" " ind2=" ">
   <subfield code="a">Tái bản lần thứ 2</subfield>
  </datafield>
  <datafield tag="260" ind1=" " ind2=" ">
   <subfield code="a">H.</subfield>
   <subfield code="b">Giáo dục</subfield>
   <subfield code="c">2011</subfield>
  </datafield>
  <datafield tag="300" ind1=" " ind2=" ">
   <subfield code="a">284tr.</subfield>
   <subfield code="b">hình vẽ</subfield>
   <subfield code="c">24cm</subfield>
  </datafield>
  <datafield tag="520" ind1="3" ind2=" ">
   <subfield code="a">Cung cấp những kiến thức cơ bản về tập hợp và quan hệ, số phức, đa thức và phân thức hữu tỉ, không gian vectơ, ma trận, định thức và hệ phương trình tuyến tính, phép biến đổi tuyến tính, dạng song tuyến và dạng toàn phương, hình học giải tích</subfield>
  </datafield>
  <datafield tag="653" ind1=" " ind2=" ">
   <subfield code="a">Khoa học cơ bản</subfield>
  </datafield>
  <datafield tag="942" ind1=" " ind2=" ">
   <subfield code="2">ddc</subfield>
   <subfield code="c">BK</subfield>
  </datafield>
  <datafield tag="952" ind1=" " ind2=" ">
   <subfield code="0">0</subfield>
   <subfield code="1">0</subfield>
   <subfield code="2">ddc</subfield>
   <subfield code="4">0</subfield>
   <subfield code="6">512_520000000000000_H507</subfield>
   <subfield code="7">0</subfield>
   <subfield code="9">5126</subfield>
   <subfield code="a">000001</subfield>
   <subfield code="b">000001</subfield>
   <subfield code="d">2017-12-01</subfield>
   <subfield code="o">512.52 H507</subfield>
   <subfield code="p">MD.03766</subfield>
   <subfield code="r">2017-12-01</subfield>
   <subfield code="v">33000.00</subfield>
   <subfield code="w">2017-12-01</subfield>
   <subfield code="y">BK</subfield>
  </datafield>
  <datafield tag="952" ind1=" " ind2=" ">
   <subfield code="0">0</subfield>
   <subfield code="1">0</subfield>
   <subfield code="2">ddc</subfield>
   <subfield code="4">0</subfield>
   <subfield code="6">512_520000000000000_H507</subfield>
   <subfield code="7">0</subfield>
   <subfield code="9">5127</subfield>
   <subfield code="a">000001</subfield>
   <subfield code="b">000001</subfield>
   <subfield code="d">2017-12-01</subfield>
   <subfield code="l">1</subfield>
   <subfield code="o">512.52 H507</subfield>
   <subfield code="p">MD.03767</subfield>
   <subfield code="r">2018-01-29</subfield>
   <subfield code="s">2018-01-25</subfield>
   <subfield code="v">33000.00</subfield>
   <subfield code="w">2017-12-01</subfield>
   <subfield code="y">BK</subfield>
  </datafield>
  <datafield tag="952" ind1=" " ind2=" ">
   <subfield code="0">0</subfield>
   <subfield code="1">0</subfield>
   <subfield code="2">ddc</subfield>
   <subfield code="4">0</subfield>
   <subfield code="6">512_520000000000000_H507</subfield>
   <subfield code="7">0</subfield>
   <subfield code="9">5128</subfield>
   <subfield code="a">000001</subfield>
   <subfield code="b">000001</subfield>
   <subfield code="d">2017-12-01</subfield>
   <subfield code="o">512.52 H507</subfield>
   <subfield code="p">MD.03768</subfield>
   <subfield code="r">2017-12-01</subfield>
   <subfield code="v">33000.00</subfield>
   <subfield code="w">2017-12-01</subfield>
   <subfield code="y">BK</subfield>
  </datafield>
  <datafield tag="952" ind1=" " ind2=" ">
   <subfield code="0">0</subfield>
   <subfield code="1">0</subfield>
   <subfield code="2">ddc</subfield>
   <subfield code="4">0</subfield>
   <subfield code="6">512_520000000000000_H507</subfield>
   <subfield code="7">0</subfield>
   <subfield code="9">5129</subfield>
   <subfield code="a">000001</subfield>
   <subfield code="b">000001</subfield>
   <subfield code="d">2017-12-01</subfield>
   <subfield code="o">512.52 H507</subfield>
   <subfield code="p">MD.03769</subfield>
   <subfield code="r">2017-12-01</subfield>
   <subfield code="v">33000.00</subfield>
   <subfield code="w">2017-12-01</subfield>
   <subfield code="y">BK</subfield>
  </datafield>
  <datafield tag="952" ind1=" " ind2=" ">
   <subfield code="0">0</subfield>
   <subfield code="1">0</subfield>
   <subfield code="2">ddc</subfield>
   <subfield code="4">0</subfield>
   <subfield code="6">512_520000000000000_H507</subfield>
   <subfield code="7">0</subfield>
   <subfield code="9">5130</subfield>
   <subfield code="a">000001</subfield>
   <subfield code="b">000001</subfield>
   <subfield code="d">2017-12-01</subfield>
   <subfield code="l">1</subfield>
   <subfield code="o">512.52 H507</subfield>
   <subfield code="p">MD.03770</subfield>
   <subfield code="r">2018-01-03</subfield>
   <subfield code="s">2017-12-29</subfield>
   <subfield code="v">33000.00</subfield>
   <subfield code="w">2017-12-01</subfield>
   <subfield code="y">BK</subfield>
  </datafield>
  <datafield tag="952" ind1=" " ind2=" ">
   <subfield code="0">0</subfield>
   <subfield code="1">0</subfield>
   <subfield code="2">ddc</subfield>
   <subfield code="4">0</subfield>
   <subfield code="6">512_520000000000000_H507</subfield>
   <subfield code="7">0</subfield>
   <subfield code="9">5131</subfield>
   <subfield code="a">000001</subfield>
   <subfield code="b">000001</subfield>
   <subfield code="d">2017-12-01</subfield>
   <subfield code="l">1</subfield>
   <subfield code="o">512.52 H507</subfield>
   <subfield code="p">MD.03771</subfield>
   <subfield code="r">2018-01-31</subfield>
   <subfield code="s">2018-01-25</subfield>
   <subfield code="v">33000.00</subfield>
   <subfield code="w">2017-12-01</subfield>
   <subfield code="y">BK</subfield>
  </datafield>
  <datafield tag="952" ind1=" " ind2=" ">
   <subfield code="0">0</subfield>
   <subfield code="1">0</subfield>
   <subfield code="2">ddc</subfield>
   <subfield code="4">0</subfield>
   <subfield code="6">512_520000000000000_H507</subfield>
   <subfield code="7">0</subfield>
   <subfield code="9">5132</subfield>
   <subfield code="a">000001</subfield>
   <subfield code="b">000001</subfield>
   <subfield code="d">2017-12-01</subfield>
   <subfield code="l">1</subfield>
   <subfield code="o">512.52 H507</subfield>
   <subfield code="p">MD.03772</subfield>
   <subfield code="r">2018-01-03</subfield>
   <subfield code="s">2017-12-29</subfield>
   <subfield code="v">33000.00</subfield>
   <subfield code="w">2017-12-01</subfield>
   <subfield code="y">BK</subfield>
  </datafield>
  <datafield tag="952" ind1=" " ind2=" ">
   <subfield code="0">0</subfield>
   <subfield code="1">0</subfield>
   <subfield code="2">ddc</subfield>
   <subfield code="4">0</subfield>
   <subfield code="6">512_520000000000000_H507</subfield>
   <subfield code="7">0</subfield>
   <subfield code="9">5133</subfield>
   <subfield code="a">000001</subfield>
   <subfield code="b">000001</subfield>
   <subfield code="d">2017-12-01</subfield>
   <subfield code="o">512.52 H507</subfield>
   <subfield code="p">MD.03773</subfield>
   <subfield code="r">2017-12-01</subfield>
   <subfield code="v">33000.00</subfield>
   <subfield code="w">2017-12-01</subfield>
   <subfield code="y">BK</subfield>
  </datafield>
  <datafield tag="952" ind1=" " ind2=" ">
   <subfield code="0">0</subfield>
   <subfield code="1">0</subfield>
   <subfield code="2">ddc</subfield>
   <subfield code="4">0</subfield>
   <subfield code="6">512_520000000000000_H507</subfield>
   <subfield code="7">0</subfield>
   <subfield code="9">5134</subfield>
   <subfield code="a">000001</subfield>
   <subfield code="b">000001</subfield>
   <subfield code="d">2017-12-01</subfield>
   <subfield code="l">1</subfield>
   <subfield code="o">512.52 H507</subfield>
   <subfield code="p">MD.03774</subfield>
   <subfield code="r">2018-01-03</subfield>
   <subfield code="s">2017-12-29</subfield>
   <subfield code="v">33000.00</subfield>
   <subfield code="w">2017-12-01</subfield>
   <subfield code="y">BK</subfield>
  </datafield>
  <datafield tag="952" ind1=" " ind2=" ">
   <subfield code="0">0</subfield>
   <subfield code="1">0</subfield>
   <subfield code="2">ddc</subfield>
   <subfield code="4">0</subfield>
   <subfield code="6">512_520000000000000_H507</subfield>
   <subfield code="7">0</subfield>
   <subfield code="9">5135</subfield>
   <subfield code="a">000001</subfield>
   <subfield code="b">000001</subfield>
   <subfield code="d">2017-12-01</subfield>
   <subfield code="o">512.52 H507</subfield>
   <subfield code="p">MD.03775</subfield>
   <subfield code="r">2017-12-01</subfield>
   <subfield code="v">33000.00</subfield>
   <subfield code="w">2017-12-01</subfield>
   <subfield code="y">BK</subfield>
  </datafield>
  <datafield tag="980" ind1=" " ind2=" ">
   <subfield code="a">Thư viện Trường Đại học Nam Cần Thơ</subfield>
  </datafield>
 </record>
</collection>
